000 00702nam a2200205Ia 4500
003 GCL
008 140319s9999 xx 000 0 ara d
040 _aGCL /
_cGCL
082 0 4 _a377.1
_bع ت
100 1 _aسيد اسماعيل على
245 1 0 _aالتربية والتعليم عند ابن الجوزى /
_cسيد اسماعيل على
700 1 _aعبدالبديع عبدالعزيز الخولى
260 _a[S.N] :
_bعالم الكتب الحديث ،
_c1991
300 _a153 ص
490 _aقضايا تربوية
_v0
650 0 4 _aالتربية
650 0 4 _aالتعليم الدينى الاسلامى
650 0 4 _aالتربية الاسلامية
942 _2ddc
_cBK
999 _c31919
_d31919